01340nas a22003137a 45000010006000000050017000060080041000230400024000640800025000880800021001132450022001342600034001563000016001903100012002063620021002185000074002395000041003135100199003545800068005535940036006216500060006576550039007177000065007568520021008218660024008429420018008669520125008849990017010098583020260421114425.0260421s1931 sp w|||| |||| 00| 0 spa d aM-RABAbspacM-RABA aPM 784.3.085.321(05) aPM 786.2.085(05)03aLa Revista sonora a[Barcelona b: s.n.c, 1931]  av. c32 cm  aSemanal0 6nº 1 [(1931)]- 00aDirigida por: Compradito (pseudónimo de Diego Jiménez de Letang) 00aDescripción basada en: n. 2 [1931]3 aJacinto Torres Mulas. Las publicaciones periódicas musicales en España (1812-1990): estudio crítico-bibliográfico y repertorio general. Instituto de Bibliografía Musical (Madrid), 1991 aTítulos relacionados: El Tango de moda ; La Canción de moda aTítulo tomado de la cubierta  0aMúsica-zEspaña-vPublicaciones periódicas996865 7aPublicaciones periódicas.9541331 aJiménez de Letang, D.942667edirector de la publicación aM-RABAjrEV-2384 a[1931], n. 2, 3, 11 cPERIODICASn0 00102ddc40708REVISTASaRABASFbRABASFd2026-04-21l0oRev-2384p1097055r2026-04-21 11:42:32w2026-04-21yPERIODICAS c85830d85830